Walking Across U.S. State Borders with Hints - Statistics

General Stats
  • This quiz has been taken 35,136 times
  • The average score is 14 of 20
Answer Stats
Hint State % Correct
The most populous state California
99%
Helena is its capital Montana
87%
Home to Crater Lake Oregon
87%
"The Gem State" Idaho
82%
Contains most of the Black Hills South Dakota
82%
The first state alphabetically Alabama
80%
Grows more corn than any other state Iowa
79%
Borders the most other states, eight in total Missouri
68%
Was one of the original 13 colonies Georgia
67%
Has the highest murder rate of any state Louisiana
63%
Is not landlocked Texas
63%
Its capital is named after a President Mississippi
62%
Lies on the Mississippi River Tennessee
61%
Where Lincoln was born Kentucky
60%
Became a state in the 20th century Oklahoma
60%
Its capital is on the Hudson River New York
59%
Its flag is non-rectangular Ohio
55%
Where the city of Reading is located Pennsylvania
51%
Has the least populous capital city of any state Vermont
49%
The only state whose population has declined since 1960 West Virginia
49%
No matching quizzes found
Score Distribution
Percent of People with Each Score
Percentile by Number Answered
Your Score History
You have not taken this quiz